000 00444pab a2200145 454500
008 180718b1991 xxu||||| |||| 00| 0 eng d
100 _aRothgedb, John M., Jr.
245 _aThe effects of foreign investment upon political protest and violence in underdeveloped societies
260 _c1991
300 _a9-38
362 _aMar.
650 _aForeign Investment - Underdeveloped Areas
773 _aWestern Political Quarterly
909 _a9013
999 _c9013
_d9013